000 00981nam a2200229 a 4500
001 40674
003 BD-RjUL
005 20211209053249.0
008 160508s1995 bg ||||| |||| 00| 0 ben d
020 _a9840731815
_c: Tk.90.00
035 _a(BD-RjUL)40789
040 _aBD-RjUL
_bben
_cBD-RjUL
041 _aben
082 _223
_a297.27
_bABM 1995
100 _aআবদুল্লাহ, মুহাম্মদ
_9118504
245 1 0 _aমুসলিম সম্পাদিত বাংলা সাময়িকপত্রে ধর্ম ও সমাজ-চিন্তা ১৯০১-১৯৪৭ /
_cমুহাম্মদ আবদুল্লাহ
260 _aঢাকা :
_bবাংলা একাডেমী,
_c১৯৯৫
300 _a[১২], ১৮১ পৃ. ;
_c২১ সেমি.
650 _aইসলাম এবং সামাজিক বিজ্ঞান
_9125140
650 _aIsam and Social Science
_9125141
942 _2ddc
_cBK
999 _c40674
_d40674